000 00518pam a2200193 a 4500
020 _a0781710016
_c1575.00
041 _aeng
_hNULL
082 _a617.15
_bSAR/LAT
100 _aSARMIENTO, A .
245 _aFUNCTIONAL FRACTURE BRACING A MANUAL /
_cNULL.
_hTextual Documents
260 _aNULL :
_bLIPPINCOTT WILLIAMS & WILKINS ,
_c2002.
300 _a177 :
_bXII ;
_cNULL .
365 _a1575.00
_e1
700 _aLATTA, L .
907 _a4182
930 _a1592
999 _c796128
_d796128
650 _aORTHO